A-Z Disney Channel Actors & Actresses - Statistics

General Stats
  • This quiz has been taken 71 times
  • The average score is 3 of 23
Answer Stats
Hint Answer % Correct
D Debby Ryan
58%
P Peyton List
37%
Z Zendaya Coleman
31%
C Cole Sprouse
29%
S Sabrina Carpenter
22%
L Laura Marano
17%
O Olivia Holt
15%
E Emily Osment
14%
H Hilary Duff
14%
B Bradley Steven Perry
12%
K Karan Brar
10%
M Mia Talerico
8%
V Vanessa Hudgens
8%
A Anneliese Van Der Pol
5%
F Francesca Capaldi
2%
J Jake Short
2%
G Genevieve Hannelius
0%
I Isabella Cramp
0%
N Nicole Anderson
0%
R Roshon Fegan
0%
T Tiffany Thornton
0%
U Uriah Shelton
0%
W Wendy Worthington
0%
No matching quizzes found
Score Distribution
Percent of People with Each Score
Percentile by Number Answered
Your Score History
You have not taken this quiz